Basic electrical engineering (Record no. 7166)

000 -LEADER
fixed length control field 00658nam a2200217 4500
001 - CONTROL NUMBER
control field 7166
003 - CONTROL NUMBER IDENTIFIER
control field BD-DhUET
008 - FIXED-LENGTH DATA ELEMENTS--GENERAL INFORMATION
fixed length control field 740521s1975 nyua 001 0 eng
020 ## - INTERNATIONAL STANDARD BOOK NUMBER
International Standard Book Number 0070211523
040 ## - CATALOGING SOURCE
Original cataloging agency DLC
Transcribing agency DLC
Modifying agency BD-DhUET
082 00 - DEWEY DECIMAL CLASSIFICATION NUMBER
Classification number 623
Item number FIT/1975
100 1# - MAIN ENTRY--PERSONAL NAME
Personal name Fitzgerald, A. E.
245 10 - TITLE STATEMENT
Title Basic electrical engineering
Remainder of title circuits,electronics,machines,control
Statement of responsibility, etc. by A. E. Fitzgerald, David E. Higginbotham and Arvin Grabel
250 ## - EDITION STATEMENT
Edition statement 4th ed.
260 ## - PUBLICATION, DISTRIBUTION, ETC. (IMPRINT)
Place of publication, distribution, etc. New York
Name of publisher, distributor, etc. McGraw-Hill
Date of publication, distribution, etc. 1975
300 ## - PHYSICAL DESCRIPTION
Extent xiv, 817 p.
Other physical details illus.
Dimensions 24 cm.
650 #0 - SUBJECT ADDED ENTRY--TOPICAL TERM
Topical term or geographic name as entry element Electricity : Engineering
700 ## - ADDED ENTRY--PERSONAL NAME
Personal name Higginbotham, David E.
700 ## - ADDED ENTRY--PERSONAL NAME
Personal name Grabel, Arvin
942 ## - ADDED ENTRY ELEMENTS (KOHA)
Koha item type General Book
Holdings
Koha issues (times borrowed) Copy number Shelving location Price effective from Not for loan Lost status Withdrawn status Date acquired Koha normalized classification for sorting Koha date last borrowed Piece designation (barcode) Koha date last seen Sublocation or collection (holding branch) Location (home branch) Koha item type Koha full call number Damaged status Source of classification or shelving scheme
11Circulation section2014-12-07   2014-12-07623PIT19752018-07-21653642018-08-04Central Library, BUETCentral Library, BUETGeneral Book623/PIT/1975  
 2Circulation section2015-03-12   2015-03-12623_000000000000000_PIT_1975 433092015-03-12Central Library, BUETCentral Library, BUETGeneral Book623/PIT/1975  
 3Circulation section2015-03-12   2015-03-12623_000000000000000_PIT_1975 433142015-03-12Central Library, BUETCentral Library, BUETGeneral Book623/PIT/1975  
 4Circulation section2015-03-12   2015-03-12623_000000000000000_PIT_1975 436762015-03-12Central Library, BUETCentral Library, BUETGeneral Book623/PIT/1975  
 5Circulation section2015-03-12   2015-03-12623_000000000000000_PIT_1975 428432015-03-12Central Library, BUETCentral Library, BUETGeneral Book623/PIT/1975  
 6Circulation section2015-04-16   2015-04-16623_000000000000000_FIT_1975 433082015-04-16Central Library, BUETCentral Library, BUETGeneral Book623/FIT/1975  
 7Circulation section2015-04-18   2015-04-18623_000000000000000_FIT_1975 433162015-04-18Central Library, BUETCentral Library, BUETGeneral Book623/FIT/1975  
 8Circulation section2015-04-21   2015-04-21623_000000000000000_FIT_1975 433102015-04-21Central Library, BUETCentral Library, BUETGeneral Book623/FIT/1975  
 9Circulation section2015-04-21   2015-04-21623_000000000000000_FIT_1975 436772015-04-21Central Library, BUETCentral Library, BUETGeneral Book623/FIT/1975  
 10Circulation section2015-04-21   2015-04-21623_000000000000000_FIT_1975 433132015-04-21Central Library, BUETCentral Library, BUETGeneral Book623/FIT/1975  
 11Circulation section2015-04-21   2015-04-21623_000000000000000_FIT_1975 433072015-04-21Central Library, BUETCentral Library, BUETGeneral Book623/FIT/1975  
 12Circulation section2015-04-21   2015-04-21623_000000000000000_FIT_1975 511012015-04-21Central Library, BUETCentral Library, BUETGeneral Book623/FIT/1975  
 13Reading section2015-06-28   2015-06-28623_000000000000000_FIT_1975 428412015-06-28Central Library, BUETCentral Library, BUETReading Item623/FIT/1975  
 14Reading section2015-06-28   2015-06-28623_000000000000000_FIT_1975 428402015-06-28Central Library, BUETCentral Library, BUETReading Item623/FIT/1975  
 15Reading section2015-06-28   2015-06-28623_000000000000000_FIT_1975 436792015-06-28Central Library, BUETCentral Library, BUETReading Item623/FIT/1975